Monitor of the Economy of the Slovak Republic, Part I und Part II (Record no. 6632)
[ view plain ]
| 000 -LEADER | |
|---|---|
| fixed length control field | 00909nam a22002057i 4500 |
| 001 - CONTROL NUMBER | |
| control field | 7828 |
| 003 - CONTROL NUMBER IDENTIFIER | |
| control field | OSt |
| 005 - DATE AND TIME OF LATEST TRANSACTION | |
| control field | 20170126082404.0 |
| 007 - PHYSICAL DESCRIPTION FIXED FIELD--GENERAL INFORMATION | |
| fixed length control field | tu |
| 008 - FIXED-LENGTH DATA ELEMENTS--GENERAL INFORMATION | |
| fixed length control field | 161220s xxu||||| |||| 00| 0 d |
| 024 7# - OTHER STANDARD IDENTIFIER | |
| Standard number or code | 7828 |
| Source of number or code | RID |
| 040 ## - CATALOGING SOURCE | |
| Transcribing agency | OSt |
| 110 2# - MAIN ENTRY--CORPORATE NAME | |
| Corporate name or jurisdiction name as entry element | Statistical Office ot the Slovak Republic |
| 245 00 - TITLE STATEMENT | |
| Title | Monitor of the Economy of the Slovak Republic, Part I und Part II |
| 260 ## - PUBLICATION, DISTRIBUTION, ETC. | |
| Place of publication, distribution, etc. | Slovak Republic. |
| 490 ## - SERIES STATEMENT | |
| Series statement | Monitor of the Economy of the Slovak Republic, Part I und Part II |
| 651 ## - SUBJECT ADDED ENTRY--GEOGRAPHIC NAME | |
| Geographic name | Slovakia |
| 866 #0 - TEXTUAL HOLDINGS--BASIC BIBLIOGRAPHIC UNIT | |
| -- | 1997/1-2005/12 |
| 866 #0 - TEXTUAL HOLDINGS--BASIC BIBLIOGRAPHIC UNIT | |
| -- | <br><br><br>vorhanden:<br>1999/ von Nr.1 bis Nr.12 (Part I und Part II)<br>2000/ von Nr.1 bis Nr.12 (Part I und Part II)<br>2001/ von Nr.1 bis Nr.12 (Part I und Part II)2002/ von Nr.1 bis Nr.12 (Part I und Part II)<br>2003/ von Nr.1 bis Nr.5 (Part I und Part II)<br>2004/ von Nr.2 bis Nr.12 (Part I und Part II)<br>2005/ von Nr.1 bis Nr.12 (Part I und Part II) |
| 942 ## - ADDED ENTRY ELEMENTS (KOHA) | |
| Koha item type | Statistics |
| Withdrawn status | Lost status | Damaged status | Not for loan | Home library | Current library | Shelving location | Date acquired | Inventory number | Total Checkouts | Barcode | Date last seen | Price effective from | Koha item type |
|---|---|---|---|---|---|---|---|---|---|---|---|---|---|
| WIIW | WIIW | Library | 08/14/2008 | 7828 | 10003761 | 01/26/2017 | 01/26/2017 | Statistics |
